<?xml version="1.0" encoding="UTF-8"?>
<record
    xmlns:xsi="http://www.w3.org/2001/XMLSchema-instance"
    xsi:schemaLocation="http://www.loc.gov/MARC21/slim http://www.loc.gov/standards/marcxml/schema/MARC21slim.xsd"
    xmlns="http://www.loc.gov/MARC21/slim">

  <leader>00685nam a22002057a 4500</leader>
  <controlfield tag="003">NUST - PNEC</controlfield>
  <controlfield tag="005">20170116180757.0</controlfield>
  <controlfield tag="008">150407b        xxu||||| |||| 00| 0 eng d</controlfield>
  <datafield tag="020" ind1=" " ind2=" ">
    <subfield code="a">9780241968215</subfield>
  </datafield>
  <datafield tag="040" ind1=" " ind2=" ">
    <subfield code="c">LIBRARY</subfield>
  </datafield>
  <datafield tag="082" ind1=" " ind2=" ">
    <subfield code="a">940.421 TUC</subfield>
  </datafield>
  <datafield tag="100" ind1=" " ind2=" ">
    <subfield code="9">2166</subfield>
    <subfield code="a">Tuchman Barbara Wertheim</subfield>
  </datafield>
  <datafield tag="245" ind1=" " ind2=" ">
    <subfield code="a">The guns of August</subfield>
    <subfield code="c">Barbara Wertheim Tuchman</subfield>
  </datafield>
  <datafield tag="260" ind1=" " ind2=" ">
    <subfield code="a">London : </subfield>
    <subfield code="b">Penguin Books,</subfield>
    <subfield code="c">c2014.</subfield>
  </datafield>
  <datafield tag="300" ind1=" " ind2=" ">
    <subfield code="a">566 p. :</subfield>
  </datafield>
  <datafield tag="500" ind1=" " ind2=" ">
    <subfield code="a">Includes index.</subfield>
  </datafield>
  <datafield tag="650" ind1=" " ind2=" ">
    <subfield code="9">2168</subfield>
    <subfield code="a">World War (1914-1918)</subfield>
    <subfield code="x">General, History</subfield>
  </datafield>
  <datafield tag="856" ind1=" " ind2=" ">
    <subfield code="u">http://www.amazon.com/The-Guns-of-August/dp/0241968216/ref=sr_1_1?s=books&amp;ie=UTF8&amp;qid=1428394897&amp;sr=1-1&amp;keywords=9780241968215</subfield>
  </datafield>
  <datafield tag="942" ind1=" " ind2=" ">
    <subfield code="2">ddc</subfield>
    <subfield code="c">BK</subfield>
  </datafield>
  <datafield tag="999" ind1=" " ind2=" ">
    <subfield code="c">62783</subfield>
    <subfield code="d">62783</subfield>
  </datafield>
  <datafield tag="952" ind1=" " ind2=" ">
    <subfield code="0">0</subfield>
    <subfield code="1">0</subfield>
    <subfield code="2">ddc</subfield>
    <subfield code="4">0</subfield>
    <subfield code="7">0</subfield>
    <subfield code="a">PNEC</subfield>
    <subfield code="b">PNEC</subfield>
    <subfield code="c">WING-B</subfield>
    <subfield code="d">2015-03-24</subfield>
    <subfield code="e">ZS Dictionary Shop / Library Grant</subfield>
    <subfield code="g">1841.00</subfield>
    <subfield code="l">2</subfield>
    <subfield code="o">940.421 TUC</subfield>
    <subfield code="p">PNECLIB-032106</subfield>
    <subfield code="r">2016-11-28</subfield>
    <subfield code="s">2016-11-28</subfield>
    <subfield code="v">1841.00</subfield>
    <subfield code="w">2015-03-24</subfield>
    <subfield code="y">BK</subfield>
  </datafield>
</record>
